Capitals of the world on a map - alphabetically - Statistics

General Stats
  • This quiz has been taken 3,991 times
    3,139 since last reset
  • The average score is 104 of 200
Answers on the Map
Answers color-coded by a green-red scale on the quiz's map according to % correct below.
 
Answer Stats
Capital % Correct
Abu Dhabi
90%
Abuja
89%
Accra
87%
Addis Ababa
86%
Algiers
85%
Amsterdam
84%
Ankara
83%
Amman
82%
Andorra la Vella
82%
Antananarivo
80%
Athens
80%
Asunción
79%
Brasília
78%
Baghdad
77%
Bogotá
77%
Astana
76%
Baku
76%
Beijing
76%
Berlin
75%
Bucharest
75%
Budapest
75%
Cairo
75%
Canberra
75%
Caracas
75%
Bern
74%
Buenos Aires
74%
Ashgabat
73%
Asmara
73%
Bangkok
73%
Brussels
73%
Apia
72%
Belmopan
72%
Beirut
70%
Belgrade
70%
Bratislava
70%
Bamako
69%
Cape Town
69%
Dublin
69%
Brazzaville
68%
Copenhagen
68%
Bandar Seri Begawan
67%
Bangui
66%
Banjul
66%
Bishkek
66%
Dakar
66%
Dhaka
66%
Chișinău
64%
Zagreb
64%
Damascus
63%
Dili
63%
Djibouti
63%
Doha
62%
Basseterre
60%
Bloemfontein
60%
Castries
60%
Helsinki
60%
Bissau
59%
Bridgetown
59%
Dodoma
59%
Dushanbe
59%
Havana
59%
Wellington
59%
Georgetown
58%
Islamabad
58%
Jakarta
58%
Washington D.C.
57%
Hanoi
56%
Guatemala City
55%
Lima
55%
Lisbon
55%
London
55%
Yerevan
55%
Conakry
54%
Kathmandu
54%
Madrid
54%
Freetown
53%
Harare
53%
Jerusalem
53%
Juba
53%
Khartoum
53%
Funafuti
52%
Gaborone
52%
Kabul
52%
Kingston
52%
La Paz
52%
Mexico City
52%
Luanda
51%
Ulaanbaatar
51%
Warsaw
51%
Kigali
50%
Kingstown
50%
Kuwait City
50%
Kyiv
50%
Luxembourg
50%
Windhoek
50%
Kampala
49%
Lusaka
49%
Malé
49%
Montevideo
49%
Moscow
49%
Oslo
49%
Vaduz
49%
Vatican City
49%
Kuala Lumpur
48%
Manila
48%
Ottawa
48%
Valletta
48%
Vienna
48%
Vilnius
48%
Lomé
47%
Monaco
47%
Yaoundé
47%
Gitega
46%
Kinshasa
46%
Minsk
46%
Paris
46%
Vientiane
46%
Honiara
45%
Lilongwe
45%
Manama
45%
Muscat
45%
Nairobi
45%
Quito
45%
Ljubljana
44%
Managua
44%
Nassau
44%
Panama City
44%
Santiago
44%
Tokyo
44%
Maputo
43%
Mogadishu
43%
Port-au-Prince
42%
New Delhi
41%
Paramaribo
41%
Port Moresby
41%
Pyongyang
41%
Rabat
41%
Riyadh
41%
Stockholm
41%
Taipei
41%
Tehran
41%
Tunis
41%
Yaren
41%
Libreville
40%
Monrovia
40%
Prague
40%
Reykjavík
40%
Riga
40%
Seoul
40%
Victoria
40%
Yamoussoukro
40%
Maseru
39%
Ouagadougou
39%
Port-of-Spain
39%
Tallinn
39%
Tashkent
39%
Tripoli
39%
Niamey
38%
Nicosia
38%
Rome
38%
San Marino
38%
San Salvador
38%
Sucre
38%
Tbilisi
38%
Cotonou
37%
Malabo
37%
Podgorica
37%
Port Louis
37%
San José
37%
Singapore
37%
Tirana
37%
Mbabane
36%
Moroni
36%
Naypyidaw
36%
Phnom Penh
36%
Praia
36%
Pristina
36%
Sana'a
36%
Santo Domingo
36%
Majuro
35%
N'Djamena
35%
Port Vila
35%
Pretoria
35%
Sofia
35%
Nouakchott
34%
Porto-Novo
34%
Sarajevo
34%
Tegucigalpa
34%
Thimphu
34%
São Tomé
33%
Skopje
32%
Sri Jayawardenepura Kotte
32%
Saint George's
31%
Suva
31%
Saint John's
30%
Palikir
29%
Roseau
29%
Ngerulmud
28%
Nukuʻalofa
27%
South Tarawa
19%
No matching quizzes found
Score Distribution
Percent of People with Each Score
Percentile by Number Answered
Your Score History
You have not taken this quiz since the last reset